[Event "N3_Gr_12"]
[Site "?"]
[Date "2003.11.16"]
[Round "3.7"]
[White "Noharet, Michael"]
[Black "Bertin, Jean-Loup"]
[Result "1-0"]
[WhiteElo "1810"]
[BlackElo "1960"]
[PlyCount "65"]
[EventDate "2004.??.??"]

1. f4 d5 2. Nf3 c5 3. b3 Nc6 4. e3 Nf6 5. Bb2 a6 6. Be2 g6 7. O-O Bg7 8. Ne5
Qc7 9. Bf3 O-O 10. c4 Nd7 11. Nxc6 Bxb2 12. Nxe7+ Kg7 13. Nxd5 Qd8 14. Nbc3
Bxa1 15. Qxa1 f6 16. Ne4 Rb8 17. g4 Kg8 18. g5 fxg5 19. fxg5 Rf5 20. Ndf6+ Nxf6
21. Nxf6+ Kf7 22. Bd5+ Be6 23. Rxf5 gxf5 24. Qe5 Bxd5 25. cxd5 Kg6 26. h4 h6
27. h5+ Kxg5 28. Ne4+ Kxh5 29. Qxf5+ Kh4 30. Kh2 Qc8 31. Qf6+ Kg4 32. Ng3 Qf8
33. Qg6+ 1-0

[Event "N3_Gr_12"]
[Site "?"]
[Date "2003.11.16"]
[Round "3.8"]
[White "Perrot, Pierre"]
[Black "Boillaud, Jean-Marie"]
[Result "1/2-1/2"]
[WhiteElo "2057"]
[BlackElo "1860"]
[PlyCount "88"]
[EventDate "2004.??.??"]

1. d4 d5 2. c4 e6 3. Nc3 Bb4 4. e3 Nf6 5. Nf3 Nc6 6. Bd3 Ne4 7. Bd2 Nxd2 8.
Nxd2 b6 9. Qg4 Qf6 10. Qg3 Bd6 11. Qf3 Qxf3 12. Nxf3 Nb4 13. Kd2 Nxd3 14. Kxd3
dxc4+ 15. Kxc4 a5 16. a4 Ba6+ 17. Kb3 O-O 18. Nb5 Bb7 19. Nxd6 cxd6 20. Rac1
Rfc8 21. Ne1 Kf8 22. f3 Ke7 23. Nd3 Kd7 24. Ka3 Ba6 25. Nf4 g6 26. Nh3 h6 27.
Nf2 Ke7 28. Ne4 Bd3 29. Nc3 Kd7 30. Nb5 Bc2 31. Nc3 Bd3 32. Nb5 Bxb5 33. axb5
d5 34. b3 Rxc1 35. Rxc1 Rc8 36. Rxc8 Kxc8 37. b4 axb4+ 38. Kxb4 Kd7 39. Kc3 Kd6
40. Kd3 Ke7 41. h3 Kf6 42. g3 g5 43. g4 Kg6 44. Ke2 h5 1/2-1/2

[Event "N3_Gr_12"]
[Site "?"]
[Date "2003.11.16"]
[Round "3.9"]
[White "Baudin, Sandrine"]
[Black "Fantin, Alison"]
[Result "0-1"]
[WhiteElo "1710"]
[BlackElo "1820"]
[PlyCount "142"]
[EventDate "2004.??.??"]

1. e4 c6 2. d4 d5 3. e5 c5 4. dxc5 Nc6 5. Bb5 Bf5 6. g4 Bg6 7. f4 Be4 8. Nf3 e6
9. Be3 Qc7 10. b4 a6 11. Bxc6+ Qxc6 12. O-O Qa4 13. a3 Qxc2 14. Qxc2 Bxc2 15.
Nd4 Bd3 16. Rd1 Bxb1 17. Raxb1 g6 18. c6 bxc6 19. Nxc6 Ne7 20. Rdc1 Kd7 21. Na5
Bg7 22. b5 axb5 23. Rxb5 Rhb8 24. Rcb1 Rxb5 25. Rxb5 Rc8 26. Bc5 Nc6 27. Kf2
Nxa5 28. Rxa5 Kc6 29. g5 h6 30. h4 hxg5 31. hxg5 Bf8 32. Be3 Be7 33. a4 Rc7 34.
Ke2 Rb7 35. Ra6+ Kd7 36. Bb6 Bd8 37. a5 Bxb6 38. axb6 Kc6 39. Kf3 Rxb6 40. Ra1
Rb5 41. Ra6+ Rb6 42. Ra7 Rb7 43. Ra6+ Kc5 44. Ra5+ Kc4 45. Ra4+ Kb5 46. Ra1 Rd7
47. Rb1+ Kc4 48. Rc1+ Kd3 49. Rd1+ Kc2 50. Rd4 Rc7 51. Ra4 Rc3+ 52. Kg4 Rc7 53.
Kf3 Kd3 54. Ra3+ Kc4 55. Ra1 Rd7 56. Rc1+ Kb3 57. Rb1+ Kc2 58. Rb6 Rc7 59. Ra6
d4 60. Ra2+ Kd3 61. Ra3+ Kd2 62. Ke4 d3 63. Ra2+ Rc2 64. Ra3 Rc4+ 65. Kf3 Rc3
66. Ra2+ Kd1 67. Ra1+ Rc1 68. Ra2 d2 69. Ke3 Rc3+ 70. Kd4 Rf3 71. Ke4 Rb3 0-1

[Event "N3_Gr_12"]
[Site "?"]
[Date "2003.11.16"]
[Round "3.1"]
[White "Amato, Roger"]
[Black "Duluc, Jeremie"]
[Result "1/2-1/2"]
[WhiteElo "2225"]
[BlackElo "2195"]
[PlyCount "70"]
[EventDate "2004.??.??"]

1. d4 Nf6 2. c4 e6 3. Nf3 b6 4. g3 Ba6 5. b3 Bb4+ 6. Bd2 Be7 7. Bg2 c6 8. Bc3
d5 9. Nbd2 Nbd7 10. O-O O-O 11. Re1 Rc8 12. e4 dxe4 13. Nxe4 c5 14. Ne5 Nxe5
15. Nxf6+ Bxf6 16. dxe5 Be7 17. Qg4 Qd3 18. Re3 Qg6 19. Qe2 Rfd8 20. Be4 Qh6
21. Rd1 g6 22. Kg2 Rxd1 23. Qxd1 Rd8 24. Rd3 Qf8 25. h4 Rxd3 26. Qxd3 Qd8 27.
Qf3 Qc7 28. h5 Bf8 29. hxg6 hxg6 30. Bc6 Bg7 31. Qe4 Bc8 32. Kh2 Qd8 33. Qf3
Qc7 34. Qe4 Qd8 35. Qf3 Qc7 1/2-1/2

[Event "N3_Gr_12"]
[Site "?"]
[Date "2003.11.16"]
[Round "3.2"]
[White "Chassain, Denis"]
[Black "Praud, Jean-Luc"]
[Result "1-0"]
[WhiteElo "2330"]
[BlackElo "2176"]
[PlyCount "133"]
[EventDate "2004.??.??"]

1. d4 e6 2. Nf3 f5 3. g3 b6 4. Bg2 Bb7 5. O-O Nf6 6. Bg5 Be7 7. c4 O-O 8. Nc3
Ne4 9. Bxe7 Qxe7 10. Qc2 c5 11. Rad1 d6 12. Ne1 Nxc3 13. Qxc3 Nc6 14. Nf3 Nxd4
15. Nxd4 cxd4 16. Qxd4 Bxg2 17. Kxg2 Rfd8 18. e4 Qf7 19. exf5 Qxf5 20. Rfe1
Rac8 21. Qe4 Qxe4+ 22. Rxe4 Kf7 23. Red4 Ke7 24. Rh4 h6 25. Re4 Kf6 26. Rd3 Rc5
27. Rf3+ Rf5 28. Rfe3 Re8 29. Rd4 Rd8 30. Ra3 Rd7 31. Rad3 Ke7 32. b4 Rf8 33.
Rg4 Kd8 34. Re4 Ke7 35. Rde3 Rf6 36. Rd4 Rc7 37. Kf1 b5 38. cxb5 Rc1+ 39. Re1
Rc2 40. Re2 Rc1+ 41. Kg2 Ra1 42. Rc2 e5 43. Rdd2 Kd7 44. Rc6 Rb1 45. Ra6 Kc7
46. Rxa7+ Kb6 47. Ra6+ Kxb5 48. Raxd6 Rf5 49. Rd7 g5 50. Rb7+ Kc4 51. a4 Rxb4
52. Rc2+ Kb3 53. Rb2+ Kxb2 54. Rxb4+ Kc3 55. Re4 Kd3 56. f3 Rf6 57. Rxe5 Rc6
58. a5 Rc2+ 59. Kh3 Ra2 60. Re6 Rxa5 61. Rxh6 Ke3 62. Rf6 Kf2 63. Kg4 Kg2 64.
Rf5 Ra4+ 65. Kxg5 Kxh2 66. g4 Kg3 67. Kg6 1-0

[Event "N3_Gr_12"]
[Site "?"]
[Date "2003.11.16"]
[Round "3.3"]
[White "Miellet-Bensan, Yves"]
[Black "Rouler, Charly"]
[Result "1-0"]
[WhiteElo "2139"]
[BlackElo "2252"]
[PlyCount "73"]
[EventDate "2004.??.??"]

1. e4 c5 2. Nf3 e6 3. d3 Nc6 4. c3 d5 5. Nbd2 Bd6 6. d4 cxd4 7. cxd4 dxe4 8.
Nxe4 Bb4+ 9. Bd2 Bxd2+ 10. Qxd2 Nf6 11. Bd3 O-O 12. O-O g6 13. Qh6 Ng4 14. Qf4
Nxd4 15. Qxg4 f5 16. Nf6+ Qxf6 17. Qxd4 Qxd4 18. Nxd4 Rd8 19. Nxf5 exf5 20.
Bc4+ Kf8 21. Rfd1 Bd7 22. Bd5 Be8 23. b3 Rd7 24. Bf3 Rad8 25. Rxd7 Rxd7 26. Rc1
b6 27. Rc8 Ke7 28. Kf1 Bf7 29. Ke1 Kf6 30. h4 Ke5 31. Ke2 Re7 32. Kd2 Be8 33.
Rc3 Rd7+ 34. Rd3 Rxd3+ 35. Kxd3 Kf4 36. Kd4 Bf7 37. Be2 1-0

[Event "N3_Gr_12"]
[Site "?"]
[Date "2003.11.16"]
[Round "3.4"]
[White "Piat, Jerome"]
[Black "Badoual, Patrice"]
[Result "1-0"]
[WhiteElo "2085"]
[BlackElo "2070"]
[PlyCount "83"]
[EventDate "2004.??.??"]

1. e4 c5 2. Nf3 Nc6 3. d4 cxd4 4. Nxd4 Nf6 5. Nc3 e5 6. Ndb5 d6 7. Bg5 a6 8.
Na3 b5 9. Nd5 Be7 10. Bxf6 Bxf6 11. c3 Bg5 12. Nc2 Rb8 13. a4 bxa4 14. Ncb4
Nxb4 15. Nxb4 Qb6 16. Qxa4+ Bd7 17. Qxa6 O-O 18. Qxb6 Rxb6 19. Bc4 Rc8 20. Bd5
Bb5 21. Ra7 Bc1 22. Bxf7+ Kh8 23. Be6 Rf8 24. b3 Bb2 25. Nd5 Ra6 26. Rxa6 Bxa6
27. f3 Rb8 28. Kd2 Bb7 29. Kc2 Ba3 30. b4 Bc6 31. Ne3 Bxb4 32. cxb4 Rxb4 33.
Rb1 Rxb1 34. Kxb1 g6 35. Nc4 Kg7 36. Nxd6 Kf6 37. Bd5 Bd7 38. Nc4 Bb5 39. Kc2
Bxc4 40. Bxc4 Kg5 41. Kd2 Kf4 42. Ke2 1-0

[Event "N3_Gr_12"]
[Site "?"]
[Date "2003.11.16"]
[Round "3.5"]
[White "Crapis, Frederic"]
[Black "Cordonnier, Claude"]
[Result "1-0"]
[WhiteElo "2026"]
[BlackElo "1830"]
[PlyCount "77"]
[EventDate "2004.??.??"]

1. d4 Nf6 2. c4 e6 3. Nf3 d5 4. g3 b6 5. Bg2 Bb7 6. O-O Be7 7. cxd5 Bxd5 8. Nc3
Bb7 9. Bf4 a6 10. Rc1 Nbd7 11. e4 O-O 12. d5 exd5 13. Nxd5 Nxd5 14. exd5 Bd6
15. Bxd6 cxd6 16. Nd4 Rc8 17. Rxc8 Qxc8 18. Nf5 Qc7 19. Qg4 g6 20. Ne7+ Kg7 21.
Qd4+ f6 22. Re1 Ne5 23. Nc6 Re8 24. Qd2 Nc4 25. Qc1 Rxe1+ 26. Qxe1 Nxb2 27. Qe8
Nd3 28. Be4 Nc5 29. Bf3 Qd7 30. Qb8 Na4 31. Nd4 Nc5 32. Ne6+ Nxe6 33. dxe6 Qxe6
34. Qxb7+ Kh6 35. Qxb6 Qxa2 36. Qxd6 Qa1+ 37. Kg2 a5 38. h4 a4 39. Qf8# 1-0

[Event "N3_Gr_12"]
[Site "?"]
[Date "2003.11.16"]
[Round "3.6"]
[White "Quenolle, Philippe"]
[Black "Esteveny, Yann"]
[Result "1-0"]
[WhiteElo "1900"]
[BlackElo "1970"]
[PlyCount "81"]
[EventDate "2004.??.??"]

1. e4 e5 2. f4 exf4 3. Nf3 g5 4. Bc4 d6 5. O-O Bg7 6. c3 Nc6 7. d4 h6 8. Qb3
Qd7 9. Qa4 Ne5 10. Bb5 Nxf3+ 11. Rxf3 c6 12. Bd3 Ne7 13. Na3 Ng6 14. Rf2 Nh4
15. Bd2 O-O 16. Raf1 c5 17. Bb5 Qe7 18. dxc5 dxc5 19. Qc2 Be6 20. Be1 Ng6 21.
Rd2 a6 22. Bc4 Rad8 23. Bf2 Rxd2 24. Qxd2 Rd8 25. Bd5 b5 26. c4 Bxd5 27. exd5
b4 28. Nc2 Bxb2 29. Nxb4 cxb4 30. Qxb2 f3 31. Re1 Qd6 32. Qd4 Nf4 33. gxf3 Nh3+
34. Kg2 Nxf2 35. Qxf2 Qf4 36. Re4 Qf6 37. Qe2 a5 38. Re5 a4 39. Re8+ Rxe8 40.
Qxe8+ Kg7 41. Qxa4 1-0

[Event "N3_Gr_12"]
[Site "?"]
[Date "2003.11.16"]
[Round "3.7"]
[White "Gerest, Yves"]
[Black "Darbon, Pierre-Yves"]
[Result "1-0"]
[WhiteElo "1840"]
[BlackElo "1770"]
[PlyCount "63"]
[EventDate "2004.??.??"]

1. e4 e6 2. c3 d5 3. exd5 exd5 4. d4 Bd6 5. Bd3 Nc6 6. Qb3 Nge7 7. Bg5 f6 8.
Bh4 Na5 9. Qc2 Be6 10. Nd2 Bf7 11. Ngf3 Qd7 12. O-O-O O-O-O 13. Bg3 Kb8 14.
Bxd6 Qxd6 15. Nh4 g6 16. g3 Nc8 17. Ng2 Nb6 18. Ne3 Be8 19. b3 c5 20. dxc5 Qxc5
21. b4 Qd6 22. bxa5 Na4 23. Nb1 Rc8 24. Qb3 Qe5 25. Nxd5 Nc5 26. Qc4 Bf7 27.
Bf1 Ne4 28. Qd4 Qe6 29. Bg2 Nd6 30. Rhe1 Qd7 31. Nxf6 Qd8 32. Qxd6+ 1-0

[Event "N3_Gr_12"]
[Site "?"]
[Date "2003.11.16"]
[Round "3.8"]
[White "Lageyre, Pascal"]
[Black "Colombi-Gamrat, Marie-Pierre"]
[Result "0-1"]
[WhiteElo "1890"]
[BlackElo "1850"]
[PlyCount "126"]
[EventDate "2004.??.??"]

1. d4 d5 2. c4 Nf6 3. Nf3 e6 4. Nc3 Be7 5. Bf4 a6 6. e3 O-O 7. Qc2 dxc4 8. Bxc4
Nbd7 9. Bd3 c5 10. dxc5 Nxc5 11. Be2 b5 12. b4 Ncd7 13. a3 Bb7 14. O-O Rc8 15.
Qd3 Nb6 16. Be5 Qxd3 17. Bxd3 Nbd7 18. Bd4 Bxf3 19. gxf3 e5 20. Bc5 Bxc5 21.
bxc5 Nxc5 22. Bf5 Rc7 23. Rad1 g6 24. Bh3 e4 25. Rd6 Ne8 26. Rd8 Nb7 27. Rc8
exf3 28. Ne4 Rxc8 29. Bxc8 Ned6 30. Nxd6 Nxd6 31. Bg4 Nc4 32. Ra1 f5 33. Bxf3
Rd8 34. Bb7 Rd6 35. Kf1 Kg7 36. Ke2 Kf6 37. Ra2 Kg5 38. Kf3 Na5 39. Bc8 Nc4 40.
Bb7 Ne5+ 41. Kg3 Kf6 42. h4 Nc4 43. Kf4 h6 44. Ra1 g5+ 45. hxg5+ hxg5+ 46. Kg3
Rb6 47. Bd5 Nd6 48. Rc1 Ke5 49. Bb3 Ne4+ 50. Kg2 Rd6 51. Rc2 Rd3 52. Bg8 Rxa3
53. Rc6 Nd6 54. f4+ gxf4 55. exf4+ Kxf4 56. Rxd6 Rg3+ 57. Kf2 Rxg8 58. Rxa6 Rb8
59. Ra3 b4 60. Rb3 Ke4 61. Ke2 f4 62. Kf2 Kd4 63. Ke2 Kc4 0-1

[Event "N3_Gr_12"]
[Site "?"]
[Date "2003.11.16"]
[Round "3.9"]
[White "Agrusti, Gaetan"]
[Black "Cordonnier, Agnes"]
[Result "1-0"]
[WhiteElo "1660"]
[BlackElo "1650"]
[PlyCount "67"]
[EventDate "2004.??.??"]

1. e4 d5 2. exd5 Qxd5 3. Nc3 Qa5 4. d4 c6 5. Bd2 Qc7 6. Bd3 Nf6 7. h3 e5 8. Qe2
Be6 9. dxe5 Nfd7 10. f4 Nc5 11. Nf3 Nba6 12. Bc4 O-O-O 13. Ng5 Nb4 14. O-O-O
Nd5 15. Nxe6 Nxc3 16. Nxc7 Nxe2+ 17. Bxe2 Kxc7 18. Bc4 Ne4 19. Be3 Bc5 20. Bxc5
Nxc5 21. Bxf7 Rhf8 22. e6 Rxf7 23. Rxd8 Kxd8 24. exf7 Ke7 25. Rd1 Kxf7 26. b4
Ne6 27. Rd7+ Kf6 28. g3 h6 29. Rxb7 a6 30. Rb6 g5 31. fxg5+ Kxg5 32. Rxc6 Nd4
33. Rc5+ Kg6 34. Kd2 1-0

[Event "N3_Gr_12"]
[Site "?"]
[Date "2003.12.07"]
[Round "4.1"]
[White "Rouler, Charly"]
[Black "Safranska, Anda"]
[Result "1/2-1/2"]
[WhiteElo "2252"]
[BlackElo "2263"]
[PlyCount "140"]
[EventDate "2004.??.??"]

1. d4 Nf6 2. c4 g6 3. g3 Bg7 4. Bg2 d6 5. Nf3 O-O 6. O-O Nc6 7. Nc3 a6 8. d5
Na5 9. b3 c5 10. dxc6 Nxc6 11. Bb2 Qa5 12. Nd5 Nxd5 13. Bxg7 Nc3 14. Bxc3 Qxc3
15. Rc1 Qa5 16. Rc2 Bf5 17. Rd2 Rab8 18. Qc1 Be6 19. Rfd1 Rbc8 20. Rc2 Kg7 21.
Qe3 Qb4 22. h4 Bf5 23. Rcd2 b5 24. cxb5 Qxb5 25. h5 Rc7 26. Nd4 Nxd4 27. Rxd4
h6 28. hxg6 fxg6 29. Be4 Qb6 30. Bf3 a5 31. Kg2 Rf6 32. g4 Bc8 33. g5 hxg5 34.
Qxg5 Rf5 35. Qe3 Bb7 36. Rh1 Bxf3+ 37. exf3 Kf6 38. Rh8 e5 39. Rg4 Qxe3 40.
fxe3 Rc2+ 41. Kg3 Rxa2 42. Rf8+ Ke7 43. Ra8 Ra1 44. Kg2 Ra2+ 45. Kg3 Rf6 46.
Rc4 Ke6 47. e4 Ra3 48. Rc7 Rf7 49. Rxf7 Kxf7 50. Ra7+ Ke6 51. Kg4 Rxb3 52. Rxa5
Rb1 53. Ra8 Rg1+ 54. Kh4 g5+ 55. Kh3 Kf6 56. Rf8+ Ke7 57. Ra8 g4+ 58. fxg4 Re1
59. Ra4 Kf6 60. Ra6 Kg5 61. Rxd6 Re3+ 62. Kg2 Kxg4 63. Kf2 Kf4 64. Rf6+ Kxe4
65. Ra6 Rc3 66. Ra4+ Kf5 67. Ke2 Rh3 68. Rb4 Ra3 69. Rc4 e4 70. Rc8 Rb3 1/2-1/2

[Event "N3_Gr_12"]
[Site "?"]
[Date "2003.12.07"]
[Round "4.2"]
[White "Garcia, Olivier"]
[Black "Chassain, Denis"]
[Result "1/2-1/2"]
[WhiteElo "2243"]
[BlackElo "2330"]
[PlyCount "85"]
[EventDate "2004.??.??"]

1. Nf3 Nf6 2. g3 d6 3. d4 Nbd7 4. Bg2 e5 5. O-O Be7 6. b3 c6 7. Bb2 Qc7 8. c4
O-O 9. Nc3 Re8 10. Qc2 Bf8 11. Rad1 a6 12. e4 b5 13. h3 Rb8 14. cxb5 cxb5 15.
dxe5 dxe5 16. Qb1 Bb7 17. Nd5 Nxd5 18. exd5 Rbd8 19. Rfe1 Bc5 20. Ng5 Nf6 21.
d6 Rxd6 22. Bxb7 Rxd1 23. Qxd1 Qxb7 24. Rxe5 Rxe5 25. Bxe5 Qd5 26. Qe2 h6 27.
Bxf6 hxg5 28. Bc3 Qf5 29. Kg2 Kh7 30. Qh5+ Kg8 31. Qf3 Qc2 32. Be1 Qxa2 33.
Qa8+ Kh7 34. Qe4+ Kg8 35. Qe8+ Kh7 36. Qxf7 Qc2 37. Qh5+ Kg8 38. Qe8+ Kh7 39.
Qh5+ Kg8 40. Qxg5 Qe4+ 41. Kf1 Qh1+ 42. Ke2 Qe4+ 43. Kf1 1/2-1/2

[Event "N3_Gr_12"]
[Site "?"]
[Date "2003.12.07"]
[Round "4.3"]
[White "Duluc, Jeremie"]
[Black "Leroy, Christophe"]
[Result "1-0"]
[WhiteElo "2195"]
[BlackElo "2161"]
[PlyCount "79"]
[EventDate "2004.??.??"]

1. Nf3 Nf6 2. c4 g6 3. g3 Bg7 4. Bg2 d6 5. d4 O-O 6. O-O Nc6 7. Nc3 e5 8. d5
Na5 9. Nd2 c5 10. a3 b6 11. b4 Nb7 12. e4 h5 13. Nb3 h4 14. Bg5 h3 15. Bf3 Qd7
16. Be2 Nh7 17. Qd2 f5 18. Bh6 f4 19. Bxg7 Kxg7 20. bxc5 Nxc5 21. Nxc5 bxc5 22.
Rab1 Qe7 23. Qd1 Ng5 24. Qa4 Bd7 25. Qa5 fxg3 26. fxg3 Rxf1+ 27. Rxf1 Nf7 28.
Qc7 Qd8 29. Qxd8 Nxd8 30. Rb1 Kf7 31. Kf2 Kf6 32. g4 Nf7 33. Kg3 Ng5 34. Bf1
Ke7 35. Bxh3 Rf8 36. Bg2 Rf4 37. h3 Kd8 38. Rb7 a5 39. a4 Kc8 40. Ra7 1-0

[Event "N3_Gr_12"]
[Site "?"]
[Date "2003.12.07"]
[Round "4.4"]
[White "Lacour, Serge"]
[Black "Piat, Jerome"]
[Result "1/2-1/2"]
[WhiteElo "2124"]
[BlackElo "2085"]
[PlyCount "91"]
[EventDate "2004.??.??"]

1. d4 d5 2. Nf3 Nf6 3. c4 c6 4. Nc3 dxc4 5. e4 b5 6. e5 Nd5 7. a4 Nxc3 8. bxc3
e6 9. Ng5 Be7 10. Qh5 Bxg5 11. Bxg5 Qa5 12. Bd2 Nd7 13. Be2 Qc7 14. O-O Bb7 15.
f4 g6 16. Qh6 a6 17. f5 exf5 18. Bg5 Nb6 19. Qg7 Rf8 20. e6 Nd5 21. Rxf5 f6 22.
Qxc7 Nxc7 23. Rxf6 Rxf6 24. Bxf6 Nxe6 25. Bg4 Kd7 26. Re1 Re8 27. a5 Bc8 28. g3
Kd6 29. h4 Bd7 30. h5 gxh5 31. Bxh5 Rg8 32. Kh2 Be8 33. Bf3 Rf8 34. Be5+ Kd7
35. Kg2 Bg6 36. d5 cxd5 37. Bxd5 Nc5 38. Bd4 Kd6 39. Bf3 Re8 40. Rd1 Bd3 41.
Rh1 Bg6 42. Rh4 Nd3 43. Bb7 Kc7 44. Bd5 Kd6 45. Bb7 Kc7 46. Bd5 1/2-1/2

[Event "N3_Gr_12"]
[Site "?"]
[Date "2003.12.07"]
[Round "4.5"]
[White "Quenolle, Philippe"]
[Black "Simon, Frederic"]
[Result "0-1"]
[WhiteElo "1900"]
[BlackElo "2134"]
[PlyCount "126"]
[EventDate "2004.??.??"]

1. e4 c5 2. d4 e6 3. Nf3 Nf6 4. Bd3 d5 5. exd5 exd5 6. Qe2+ Be7 7. Bb5+ Bd7 8.
Bxd7+ Nbxd7 9. dxc5 Qa5+ 10. c3 Qxc5 11. Be3 Qc7 12. O-O O-O 13. Bxa7 Rxa7 14.
Qxe7 Re8 15. Qb4 Re4 16. Qb3 Nc5 17. Qc2 Rg4 18. Nbd2 Ne6 19. Qf5 Qb6 20. Qe5
Ra8 21. h3 Rg6 22. Rfe1 h6 23. Qe3 Qc7 24. Ne5 Rg5 25. g4 Ne4 26. f4 Nxf4 27.
Nxe4 Rxe5 28. Qxf4 dxe4 29. Rxe4 Qb6+ 30. Rd4 Rae8 31. Rf1 R8e7 32. Rf2 Qc6 33.
Rd8+ Kh7 34. Qf3 Qb6 35. Rdd2 Re3 36. Qf5+ g6 37. Qd5 Re1+ 38. Kg2 Qc7 39. Qd6
Qc4 40. Qd5 Qc7 41. Rd3 R1e5 42. Qd6 Qc4 43. Rdf3 Re2 44. Qd3 Rxf2+ 45. Kxf2
Qxa2 46. Qd2 Qa4 47. Qd5 Qe8 48. Qd3 Rd7 49. Qe3 Qd8 50. Kg3 Re7 51. Qf2 Kg8
52. Qd4 Rd7 53. Qf6 Qa5 54. b4 Qa1 55. h4 Qa2 56. Qe5 Rd1 57. Qe8+ Kg7 58. Qe5+
Kh7 59. Qe3 Qd5 60. Qe2 Rh1 61. Qg2 Qe5+ 62. Rf4 Rc1 63. Qf2 g5 0-1

[Event "N3_Gr_12"]
[Site "?"]
[Date "2003.12.07"]
[Round "4.6"]
[White "Caffenne, Philippe"]
[Black "Lageyre, Pascal"]
[Result "1-0"]
[WhiteElo "2078"]
[BlackElo "1890"]
[PlyCount "87"]
[EventDate "2004.??.??"]

1. e4 e6 2. d4 d5 3. e5 c5 4. Nf3 Nc6 5. Bd3 Bd7 6. O-O cxd4 7. a3 Qc7 8. Bf4
Nge7 9. Re1 Ng6 10. Bg3 Be7 11. h4 Qd8 12. h5 Nh4 13. Nxh4 Bxh4 14. Qg4 Bxg3
15. Qxg3 g6 16. h6 Qe7 17. Nd2 O-O-O 18. Nf3 Rhf8 19. c3 dxc3 20. bxc3 f6 21.
Reb1 Na5 22. Rb4 Qc5 23. exf6 Rxf6 24. c4 Rdf8 25. Qg5 Rxf3 26. gxf3 Rxf3 27.
Qd2 Qd4 28. Rc1 Kb8 29. cxd5 Qxd3 30. Qg5 Rf8 31. dxe6 Qf3 32. Qe5+ Ka8 33. Qg3
Qxg3+ 34. fxg3 Bxe6 35. Rc7 Rh8 36. Re4 Bf5 37. Re2 g5 38. Re5 Bg6 39. Rxa5 Rd8
40. Rd5 Re8 41. Rdd7 Bf5 42. Rf7 Bg6 43. Rfe7 Rb8 44. Rg7 1-0

[Event "N3_Gr_12"]
[Site "?"]
[Date "2003.12.07"]
[Round "4.7"]
[White "Cordonnier, Claude"]
[Black "Timotic, Nicolas"]
[Result "1-0"]
[WhiteElo "1830"]
[BlackElo "2107"]
[PlyCount "69"]
[EventDate "2004.??.??"]

1. d4 Nf6 2. c4 e6 3. Nf3 Bb4+ 4. Bd2 Qe7 5. Nc3 O-O 6. e3 Nc6 7. Be2 d6 8. O-O
a5 9. Qc2 e5 10. d5 Nb8 11. Rac1 Na6 12. a3 Bc5 13. Na4 b6 14. Bc3 Bd7 15. Nd2
Ng4 16. Nxc5 Nxc5 17. b4 Nb7 18. h3 Nh6 19. e4 f5 20. f4 axb4 21. axb4 exf4 22.
Rxf4 Ra3 23. Ra1 Rxa1+ 24. Bxa1 Ra8 25. Rf1 Nf7 26. Bd3 Qg5 27. exf5 Qe3+ 28.
Kh1 Ba4 29. Qb2 Ne5 30. Bb1 Be8 31. Qc3 Qe2 32. Bb2 b5 33. Rd1 bxc4 34. Nf3
Nxf3 35. Qxg7# 1-0

[Event "N3_Gr_12"]
[Site "?"]
[Date "2003.12.07"]
[Round "4.8"]
[White "Le Roux, Yann-Erle"]
[Black "Breha, Guillaume"]
[Result "0-1"]
[WhiteElo "2058"]
[BlackElo "1840"]
[PlyCount "39"]
[EventDate "2004.??.??"]

1. Nf3 Nf6 2. d4 g6 3. c4 Bg7 4. Nc3 d5 5. cxd5 Nxd5 6. e4 Nxc3 7. bxc3 c5 8.
Be3 Nc6 9. h3 Qa5 10. Rc1 O-O 11. Bc4 cxd4 12. Nxd4 Nxd4 13. Bxd4 Bxd4 14. Qxd4
Qg5 15. Ke2 Be6 16. Bxe6 fxe6 17. c4 Qxg2 18. Rcg1 Qf3+ 19. Ke1 Rad8 20. Qa1
0-1

[Event "N3_Gr_12"]
[Site "?"]
[Date "2003.12.07"]
[Round "4.9"]
[White "Cordonnier, Agnes"]
[Black "Harnois, Clementine"]
[Result "1-0"]
[WhiteElo "1650"]
[BlackElo "1880"]
[PlyCount "67"]
[EventDate "2004.??.??"]

1. e4 d6 2. d4 Nf6 3. Nc3 g6 4. Nf3 Bg7 5. Be2 O-O 6. O-O c6 7. h3 Nbd7 8. Bf4
Nh5 9. Bh2 e5 10. dxe5 dxe5 11. Ne1 Nf4 12. Bxf4 exf4 13. Qd2 Qc7 14. Nd3 g5
15. Rfe1 Ne5 16. Nxe5 Bxe5 17. Rad1 Be6 18. Qd3 Kh8 19. Qf3 Rg8 20. Qh5 f6 21.
a3 Qg7 22. Rd3 Bf7 23. Qg4 h5 24. Qd7 g4 25. hxg4 f3 26. Bxf3 hxg4 27. Bxg4
Rgd8 28. Qxd8+ Rxd8 29. Rxd8+ Kh7 30. Bf5+ Kh6 31. Re3 Bh5 32. Rd7 Qg8 33. Rxb7
Bd4 34. Rh7+ 1-0

[Event "N3_Gr_12"]
[Site "?"]
[Date "2003.12.07"]
[Round "4.1"]
[White "Kuzev, Jordan"]
[Black "Amato, Roger"]
[Result "1-0"]
[WhiteElo "2356"]
[BlackElo "2225"]
[PlyCount "81"]
[EventDate "2004.??.??"]

1. Nf3 Nf6 2. c4 c5 3. Nc3 g6 4. e4 d6 5. d4 cxd4 6. Nxd4 Bg7 7. Be2 O-O 8. O-O
Nc6 9. Be3 Bd7 10. Nc2 Qa5 11. f3 Rfc8 12. Rb1 Nb4 13. Nd4 Nc6 14. Nb3 Qd8 15.
Rc1 Ne5 16. Nd5 Be6 17. Qd2 Bxd5 18. cxd5 a6 19. a4 Rxc1 20. Rxc1 Rc8 21. a5
Rxc1+ 22. Qxc1 Ned7 23. Kf2 Ne8 24. Nd2 Qc7 25. Nc4 Ne5 26. Nb6 Qxc1 27. Bxc1
Nf6 28. Bg5 Ne8 29. Bxe7 Bf6 30. Bxf6 Nxf6 31. b4 Kf8 32. Ke3 Ke7 33. b5 axb5
34. Bxb5 Kd8 35. Kd4 g5 36. Nc4 Nxc4 37. Kxc4 Nh5 38. Kd4 f6 39. g3 Ke7 40. Bc6
bxc6 41. a6 1-0

[Event "N3_Gr_12"]
[Site "?"]
[Date "2003.12.07"]
[Round "4.2"]
[White "Miellet-Bensan, Yves"]
[Black "Calotescu, Ana-Cristina"]
[Result "0-1"]
[WhiteElo "2139"]
[BlackElo "2290"]
[PlyCount "68"]
[EventDate "2004.??.??"]

1. e4 c5 2. Nf3 d6 3. c3 Nf6 4. Be2 Bd7 5. d3 g6 6. O-O Bg7 7. Re1 O-O 8. Bf1
Nc6 9. h3 Rc8 10. a3 h6 11. d4 cxd4 12. cxd4 d5 13. e5 Ne4 14. Nc3 Nxc3 15.
bxc3 Na5 16. Bd2 Nc4 17. Bxc4 Rxc4 18. Rb1 Qc7 19. Nh2 Rc8 20. Ng4 Bxg4 21.
Qxg4 e6 22. Re3 b6 23. Rf3 Qe7 24. Ra1 Ra4 25. Qf4 Rc7 26. Bc1 Rac4 27. Bd2 b5
28. h4 a6 29. Ra2 Kh7 30. Ra1 Qf8 31. Ra2 Ra4 32. Bc1 h5 33. Ra1 Bh6 34. Qxh6+
Qxh6 0-1

[Event "N3_Gr_12"]
[Site "?"]
[Date "2003.12.07"]
[Round "4.3"]
[White "Saucey, Michel"]
[Black "Praud, Jean-Luc"]
[Result "1/2-1/2"]
[WhiteElo "2331"]
[BlackElo "2176"]
[PlyCount "84"]
[EventDate "2004.??.??"]

1. d4 Nf6 2. c4 Nc6 3. Nf3 e6 4. a3 g6 5. Nc3 Bg7 6. e4 d5 7. e5 Ne4 8. Bd3
Nxc3 9. bxc3 dxc4 10. Bxc4 Na5 11. Qa4+ c6 12. Bg5 Qc7 13. Bd3 O-O 14. O-O c5
15. Qd1 b6 16. Be4 Ba6 17. Bxa8 Bxf1 18. Kxf1 Rxa8 19. d5 Bxe5 20. dxe6 fxe6
21. Qc2 Bg7 22. Rd1 Re8 23. Bh4 Qc8 24. Ng5 Qa6+ 25. Kg1 Nc6 26. Qe4 Qc8 27.
Qe3 Ne5 28. Ne4 Nf7 29. h3 Qa6 30. Rd7 Qa4 31. Qd3 Rf8 32. Bf6 Bh8 33. Bxh8
Kxh8 34. c4 Ne5 35. Qc3 Qxd7 36. Qxe5+ Qg7 37. Qxe6 h6 38. f3 Qd4+ 39. Kh2 Kg7
40. h4 Rf5 41. Qe7+ Rf7 42. Qe6 Qd8 1/2-1/2

[Event "N3_Gr_12"]
[Site "?"]
[Date "2003.12.07"]
[Round "4.4"]
[White "Crapis, Frederic"]
[Black "Flouzat, Jean-Marc"]
[Result "1/2-1/2"]
[WhiteElo "2026"]
[BlackElo "2189"]
[PlyCount "85"]
[EventDate "2004.??.??"]

1. d4 d5 2. Bg5 Nf6 3. Bxf6 exf6 4. e3 Be6 5. Bd3 f5 6. Nd2 c6 7. Ne2 Nd7 8.
Nf4 Bd6 9. Qh5 g6 10. Qe2 Qb6 11. O-O Bxf4 12. exf4 Qxd4 13. g3 O-O 14. c3 Qb6
15. Rab1 Rfe8 16. Qf3 Nc5 17. Bc2 Rad8 18. b4 Ne4 19. Nb3 d4 20. Nxd4 Nd2 21.
Qd3 Nxf1 22. Qxf1 Bxa2 23. Ra1 Be6 24. Nf3 a6 25. Qh3 Kg7 26. Qh4 f6 27. h3 h5
28. g4 hxg4 29. hxg4 fxg4 30. Qg3 c5 31. Nh4 f5 32. Nxg6 Rd2 33. Qh4 cxb4 34.
Ne5 Qd8 35. Qh5 Qe7 36. Qg6+ Kf8 37. Ba4 b5 38. Bb3 Bxb3 39. Qxf5+ Kg8 40. Qg6+
Kf8 41. Qf5+ Kg8 42. Qg6+ Kf8 43. Qf5+ 1/2-1/2

[Event "N3_Gr_12"]
[Site "?"]
[Date "2003.12.07"]
[Round "4.5"]
[White "Fantin, Ludwig"]
[Black "Esteveny, Yann"]
[Result "1-0"]
[WhiteElo "2187"]
[BlackElo "1970"]
[PlyCount "71"]
[EventDate "2004.??.??"]

1. e4 e5 2. Nf3 Nc6 3. Bc4 Bc5 4. c3 Nf6 5. d3 d6 6. O-O a6 7. h3 Ba7 8. Bb3
Ne7 9. Re1 Ng6 10. d4 O-O 11. Nbd2 Qe7 12. Nf1 Be6 13. Ng3 h6 14. Nf5 Qd7 15.
g4 Bxb3 16. Qxb3 exd4 17. cxd4 Rfe8 18. Qc2 d5 19. e5 Ne4 20. b4 Nxe5 21. Nxe5
Rxe5 22. dxe5 Bxf2+ 23. Kf1 Bxe1 24. Kxe1 Qb5 25. Qb2 Re8 26. e6 Nf6 27. e7 Qd3
28. Be3 Kh8 29. Qd4 Qc2 30. Rc1 Qxa2 31. Bxh6 Qh2 32. Bxg7+ Kg8 33. Bxf6 Qh1+
34. Kd2 Qg2+ 35. Kc3 Qxh3+ 36. Qd3 1-0

[Event "N3_Gr_12"]
[Site "?"]
[Date "2003.12.07"]
[Round "4.6"]
[White "Badoual, Patrice"]
[Black "Perrot, Pierre"]
[Result "0-1"]
[WhiteElo "2070"]
[BlackElo "2057"]
[PlyCount "47"]
[EventDate "2004.??.??"]

1. d4 d5 2. c4 c6 3. Nf3 Nf6 4. Nc3 e6 5. Bg5 h6 6. Bh4 dxc4 7. a4 Bb4 8. e3 b5
9. Qc2 Nbd7 10. Be2 Bb7 11. O-O Bxc3 12. bxc3 a6 13. Ne5 Qc8 14. f4 c5 15. Nxd7
Qxd7 16. Bxf6 gxf6 17. Rad1 Qc7 18. e4 O-O-O 19. axb5 axb5 20. f5 cxd4 21. cxd4
Rxd4 22. fxe6 Rxe4 23. Bf3 Rxe6 24. Bg4 0-1